Skład Polski na MŚ 2018 w siatkówce - Statystyki

Ogólne statystyki
  • Ten quiz został rozwiązany 337 razy
    316 od ostatniego zresetowania
  • Średni wynik to 12 z 15
Statystyki odpowiedzi
Pozycja, obecny klub Zawodnik % Poprawnych
L, ZAKSA Kędzierzyn-Koźle Zatorski
92%
Trener, Perugia Heynen
89%
P, Panasonic Panthers Kubiak
89%
A, Monza Kurek
88%
R, Lokomotiv Nowosybirsk Drzyzga
87%
R, Skra Bełchatów Łomacz
87%
Ś, VERVA Warszawa Nowakowski
87%
P, ZAKSA Kędzierzyn-Koźle Śliwka
84%
L, VERVA Warszawa Wojtaszek
82%
Ś, Cucine Lube Civitanova Bieniek
81%
Ś, Skra Bełchatów Kochanowski
81%
A, Jastrzębski Węgiel Konarski
78%
P, Skra Bełchatów Szalpuk
74%
P, VERVA Warszawa Kwolek
69%
A, Asseco Resovia Schulz
51%
Nie znaleziono quizów pasujących do podanych kryteriów
Rozkład punktacji
Procent ludzi z każdym wynikiem
Percentyl według liczby udzielonych odpowiedzi
Twoja historia wyników
Nie rozwiązałeś tego quizu od ostatniego zresetowania